Mastering the internet (Record no. 41220)

MARC details
000 -LEADER
fixed length control field 00333nam a2200133Ia 4500
082 ## - DEWEY DECIMAL CLASSIFICATION NUMBER
Classification number 681.31INT
Item number CAD
100 ## - MAIN ENTRY--AUTHOR NAME
Personal name Cady, Glee Harrah
245 #0 - TITLE STATEMENT
Title Mastering the internet
250 ## - EDITION STATEMENT
Edition statement Ed.2
260 ## - PUBLICATION, DISTRIBUTION, ETC. (IMPRINT)
Place of publication New Delhi
Name of publisher BPB Publications
Year of publication 1996
700 ## - ADDED ENTRY--PERSONAL NAME
Personal name McGregor, Pat
942 ## - ADDED ENTRY ELEMENTS (KOHA)
Koha item type Books
Holdings
Withdrawn status Lost status Damaged status Not for loan Home library Current library Date acquired Cost, normal purchase price Full call number Accession Number Koha item type
        RRII Library RRII Library 16/12/2021 450.00 681.31INT CAD 21511 Books